Acción diafragmática en entrepisos prefabricados tipo alveolares ante cargas sísmicas
La investigación presenta el diseño de un diafragma estructural de losas prefabricadas tipo alveolares ante cargas sísmicas. Se analiza una estructura de concreto reforzado ante cargas sísmicas, aplicando los lineamientos del reglamento nacional de la construcción (MTI, 2007) y el código (ASCE...
| Main Authors: | , |
|---|---|
| Other Authors: | |
| Format: | Tesis Section = Libro |
| Language: | Undetermined Spanish |
| Published: |
Managua
UNI
2017
|
| Subjects: |
| LEADER | 01117nam a2200253Ia 4500 | ||
|---|---|---|---|
| 008 | 240830s9999 xx 000 0 und d | ||
| 040 | |a BIBLIOTECA-RUSB/ T.Mon 693.852 H557 | ||
| 041 | |a spa | ||
| 082 | |a T.Mon 693.852 H557 | ||
| 100 | 1 | |a Hernández Guadamuz, Ernesto José | |
| 100 | 1 | |b Cruz Pérez, Reynaldo Ismael | |
| 245 | 1 | 0 | |a Acción diafragmática en entrepisos prefabricados tipo alveolares ante cargas sísmicas |
| 260 | |a Managua |b UNI |c 2017 | ||
| 300 | |a 106 p. :il. | ||
| 500 | |a Contiene: anexos. | ||
| 502 | |a Tesis (Especialista en Obras Verticales) - UNI, 2017. | ||
| 520 | 3 | |a La investigación presenta el diseño de un diafragma estructural de losas prefabricadas tipo alveolares ante cargas sísmicas. Se analiza una estructura de concreto reforzado ante cargas sísmicas, aplicando los lineamientos del reglamento nacional de la construcción (MTI, 2007) y el código (ASCE, 2010). | |
| 650 | 7 | |a construcción ANTISISMICAS | |
| 650 | 7 | |b CARGAS SISMICAS | |
| 650 | 7 | |c MATERIALES DE CONSTRUCCION | |
| 700 | 1 | |a Tutor: |b [sin Tutor] | |
| 942 | |c BK |2 ddc | ||
| 991 | |a TESIS | ||
| 999 | |c 21938 | ||